Economic Wisdom in Ancient Tamil Society

Salvato in:
Dettagli Bibliografici
Autore principale: Ambirajan, S.
Natura: Libro
Lingua:inglese
Pubblicazione: Brisbane University of Queensland 1989
Edizione:1. ed.
Serie:Discussion Paper in Economics No.16
Tags: Aggiungi Tag
Nessun Tag, puoi essere il primo ad aggiungerne!!

MARC

LEADER 00000nam a2200000 4500
001 c029265
005 20221215113658.7
041 0 |a eng 
044 |a AU 
245 1 0 |a Economic Wisdom in Ancient Tamil Society  |c S. Ambirajan 
250 |a 1. ed. 
264 1 |a Brisbane  |b University of Queensland  |c 1989 
300 |a 28 s. 
490 1 |a Discussion Paper in Economics  |v No.16 
830 0 |a Discussion Paper in Economics  |v No.16 
100 1 |a Ambirajan, S.